El peso de la prueba

保存先:
書誌詳細
第一著者: Turow, Scott
フォーマット: 図書
言語:Undetermined
出版事項: Barcelona, España Ediciones B.S.A. 1991
主題:
タグ: タグ追加
タグなし, このレコードへの初めてのタグを付けませんか!

MARC

LEADER 00000nam a2200000Ia 4500
008 170316s9999 xx 000 0 und d
040 |a cru BVZT 
090 |a 862 T-21p 
100 |a Turow, Scott 
245 |a El peso de la prueba 
260 |a Barcelona, España 
260 |b Ediciones B.S.A. 
260 |c 1991 
300 |a 482 páginas 
650 |a LITERATURA ESPAÑOLA 
999 |c 10458  |d 10458 
942 |c 15 D  |h 862 T-21p  |2 z